000 00429nam a2200169Ia 4500
003 LK-CoDNM
008 010623t1970 xxu||||| |||| 00| 1 sin d
040 _aLK-CoDNM
_dLK-CoDNM
_eLK-CoDNM
041 _asin
080 _a(x)398.3
_bSOM
100 _aSomakeerti,Palitha
245 _aදේව කන්නලව්ව
246 _aDewa Kannalauwa
260 _bModern
_aNugegoda
_c1970
300 _b72p, 21 cm
942 _cBK
999 _c108226
_d108226